[Event "Recklinghaeuser Open"]
[Site "Recklinghausen GER"]
[Date "2011.08.20"]
[Round "6"]
[White "Arndt,O"]
[Black "Trzaska,P"]
[Result "1/2-1/2"]
[WhiteElo "1951"]
[BlackElo "2121"]

1.e4 d6 2.d4 Nf6 3.Nc3 c6 4.Bc4 d5 5.exd5 cxd5 6.Bb5+ Bd7 7.Nf3 Bxb5 8.Nxb5 Qa5+
9.Nc3 Ne4 10.Bd2 Nxd2 11.Qxd2 e6 12.Ne2 Nc6 13.O-O Qxd2 14.Nxd2 Rc8 15.c3 Bd6
16.f4 g6 17.a4 h5 18.Nc1 Ne7 19.Nd3 Nf5 20.Ne5 Bxe5 21.fxe5 Ke7 22.Kf2 g5
23.a5 g4 24.Nb3 Rhf8 25.Nc5 f6 26.exf6+ Rxf6 27.Ke2 Nd6 28.Rxf6 Kxf6 29.Rf1+ Ke7
30.Kd3 b6 31.axb6 axb6 32.Na4 Ra8 33.b3  1/2-1/2

[Event "Stare Mesto FIDE Open"]
[Site "Stare Mesto CZE"]
[Date "2011.08.20"]
[Round "10"]
[White "Valenta,V jr"]
[Black "Plat,V"]
[Result "0-1"]
[WhiteElo "2146"]
[BlackElo "2410"]

1.e4 d6 2.d4 Nf6 3.Nc3 e5 4.dxe5 dxe5 5.Qxd8+ Kxd8 6.Bg5 Be6 7.Nf3 Nd7 8.O-O-O Bd6
9.Bb5 Kc8 10.h3 a6 11.Bxd7+ Nxd7 12.Be3 f6 13.Nd5 Nc5 14.Nd2 b5 15.f3 a5
16.c4 b4 17.Nb3 Nxb3+ 18.axb3 Rd8 19.Rd2 a4 20.bxa4 b3 21.Kb1 Rxa4 22.Rc1 f5
23.Rd3 fxe4 24.fxe4 Bf7 25.Bg5 Bg6 26.Nc3 Rd7 27.c5 Rxe4 28.Ka1 c6 29.Rcd1 Ra7+
30.Kb1 Rd4 31.cxd6 Bxd3+ 32.Kc1 Ra1+  0-1

[Event "10th Lichtenberger Sommer"]
[Site "Berlin GER"]
[Date "2011.08.21"]
[Round "9.36"]
[White "Stucki,R"]
[Black "Barwich,A"]
[Result "1-0"]
[WhiteElo "1964"]
[BlackElo "1959"]

1.e4 d6 2.d4 Nf6 3.Nc3 c6 4.f4 g6 5.Nf3 Bg7 6.Bd3 O-O 7.O-O e6 8.Ne2 b6 9.c4 Nbd7
10.b3 c5 11.Bb2 cxd4 12.Nexd4 Nc5 13.Re1 Bb7 14.Qc2 Nxd3 15.Qxd3 Nd7 16.Rad1 a6
17.b4 Qe7 18.g4 Rfd8 19.f5 Ne5 20.Qf1 Nxg4 21.Qg2 Ne5 22.Nxe5 Bxe5 23.fxe6 fxe6
24.Qg4 Rf8 25.Bc1 Bxd4+ 26.Rxd4 e5 27.Rdd1 Rae8 28.Bh6 Rf7 29.h4 Qe6 30.Qxe6 Rxe6
31.c5 bxc5 32.bxc5 Rd7 33.Rf1 Re8 34.Rf6 Rf7 35.Rfxd6 Bxe4 36.c6 Bf5 37.Rd8 Re7
38.Bg5 Kf7 39.Bxe7 Rxe7 40.Ra8 Rc7 41.Rxa6 Ke6 42.Rd7 Rc8 43.Rxh7 Kd5 44.c7 Ke4
45.Rb6 Ra8 46.Rb8 Rxa2 47.c8=Q Ra1+ 48.Kf2 Ra2+ 49.Ke1 Bxc8 50.Rxc8 Rh2 51.Rc6 g5
52.h5 g4 53.Rg6 Kf3 54.h6 e4 55.Rf7+ Ke3 56.Kf1  1-0

[Event "Trade Fair Open A"]
[Site "Brno CZE"]
[Date "2011.08.21"]
[Round "2"]
[White "Voloshin,L"]
[Black "Markovic,Iv CZE"]
[Result "1-0"]
[WhiteElo "2411"]
[BlackElo "2158"]

1.d4 d6 2.e4 Nf6 3.Nc3 e5 4.dxe5 dxe5 5.Qxd8+ Kxd8 6.Bc4 Be6 7.Bxe6 fxe6
8.f3 Bc5 9.Nh3 Nc6 10.Bd2 Ke7 11.Na4 Bd6 12.Nf2 Nh5 13.Ng4 Nf4 14.Ne3 Rhf8
15.O-O-O Nd4 16.b3 b5 17.Nb2 c5 18.c3 Nc6 19.Rhf1 h6 20.Kc2 a6 21.Be1 Rac8
22.Rd2 Bb8 23.Bh4+ g5 24.Bf2 Ba7 25.Rfd1 Rfd8 26.Rxd8 Nxd8 27.Rd2 Nf7 28.Nd3 c4
29.bxc4 bxc4 30.Nb2 Bxe3 31.Bxe3 Nd6 32.g3 Nh5 33.Na4 Nb7 34.Kd1 Nf6 35.Rb2 Nd8
36.Rb6 Rc6 37.Rxc6 Nxc6 38.Nb2 g4 39.Ke2 h5 40.Nxc4 Ne8 41.Bc5+ Kf6 42.Ne3 Kg5
43.Ba3 gxf3+ 44.Kxf3 Nc7 45.Bc1 Kg6 46.Nc4 Kf6 47.a4 a5 48.Be3 Na6 49.Bb6 Kf7
50.Nxa5 Nxa5 51.Bxa5 Nc5 52.Bc7 Nxa4 53.Bxe5 Nb6 54.g4 Kg6 55.gxh5+ Kxh5
56.Ke3 Kg4 57.Kd4 Kf3 58.Bg3  1-0

[Event "1st Metropolitan International"]
[Site "Los Angeles USA"]
[Date "2011.08.21"]
[Round "9"]
[White "Mas,H"]
[Black "Akobian,V"]
[Result "0-1"]
[WhiteElo "2416"]
[BlackElo "2613"]

1.e4 d6 2.d4 Nf6 3.Nc3 c6 4.Bg5 Nbd7 5.Qd2 e5 6.Nf3 Be7 7.h3 O-O 8.O-O-O b5
9.Qe1 Qc7 10.g4 Re8 11.Bg2 Bb7 12.dxe5 dxe5 13.Nd2 Nc5 14.Ne2 Ne6 15.Be3 a5
16.Ng3 a4 17.g5 Nd7 18.h4 a3 19.b3 Nf4 20.Bf3 Nc5 21.Nb1 Nce6 22.Bg4 c5 23.Nf5 Bf8
24.Bxf4 exf4 25.f3 b4 26.c4 Qe5 27.Rh2 g6 28.Re2 Rad8 29.Nh6+ Bxh6 30.Bxe6 Bg7
31.Bd7 Rf8 32.Qf2 Qa1 33.Rc2 Bc8  0-1

[Event "Manhattan Open"]
[Site "New York USA"]
[Date "2011.08.21"]
[Round "9"]
[White "Ostrovskiy,Al"]
[Black "Zlotnikov,M"]
[Result "1/2-1/2"]
[WhiteElo "2294"]
[BlackElo "2305"]

1.e4 d6 2.d4 Nf6 3.Nc3 c6 4.a4 g6 5.Nge2 Bg7 6.g3 O-O 7.Bg2 e5 8.O-O Nbd7
9.dxe5 dxe5 10.b3 Re8 11.h3 b6 12.Be3 Qe7 13.a5 Ba6 14.axb6 axb6 15.Na4 Bb5
16.Nac3 Ba6 17.Na4  1/2-1/2

[Event "17th Vienna Open A"]
[Site "Vienna AUT"]
[Date "2011.08.21"]
[Round "9.19"]
[White "Stromboli,E"]
[Black "Poetz,F"]
[Result "1/2-1/2"]
[WhiteElo "2304"]
[BlackElo "2416"]

1.e4 d6 2.d4 Nf6 3.Nc3 c6 4.h3 b5 5.Bd3 e5 6.Nce2 Nbd7 7.Nf3 Bb7 8.O-O a6
9.c3 c5 10.Ng3 g6 11.Be3 Bg7 12.Qd2 O-O 13.a4 c4 14.Bc2 Re8 15.d5 Qc7 16.Bh6 Bh8
17.Nh4 Nc5 18.f4 Nfd7 19.f5 bxa4 20.fxg6 fxg6 21.Nxg6 hxg6 22.Qg5 Nf8 23.Nh5 Qh7
24.Rf6 Ncd7 25.Rxd6 Qe7 26.Rxg6+ Kh7 27.Qxe7+ Rxe7 28.Rd6 Ng6 29.Be3 Rf8
30.Rxa4 Nf4 31.Bxf4 exf4 32.e5+ Kg8 33.Rg6+ Kf7 34.e6+ Ke8 35.exd7+ Kxd7
36.Rxc4 Be5 37.Be4 Ref7 38.d6 Bxe4 39.Rxe4 Bh8 40.Re7+ Rxe7 41.dxe7 Kxe7
42.Rxa6 Be5 43.Ra7+ Kd6 44.Ng7 Rb8 45.Ra6+ Kd5 46.Ra5+ Ke4 47.Ra4+ Kd3 48.Ne6 f3
49.Rb4 Rxb4 50.cxb4 fxg2 51.Kxg2 Kc4 52.h4 Kxb4 53.Kf3 Bxb2 54.Ke4 Kc4 55.h5 Bc1
56.Nf4 Kb5 57.h6 Kc6 58.h7 Bb2 59.Nd3 Bh8 60.Ne5+ Kc7 61.Kf5 Bg7 62.Nf7 Kd7
63.Kg6 Bb2 64.Ng5 Ke7 65.Nh3 Bh8 66.Nf4 Ke8 67.Ne6 Ke7 68.Nc7 Kf8 69.Nd5 Ke8
70.Nf4 Ke7 71.Nh3 Ke8 72.Ng5 Ke7 73.Nf7 Bb2 74.Nh6 Bh8 75.Nf5+ Kf8 76.Ng3 Ke7
77.Ne4 Kf8 78.Ng5 Ke7 79.Nf7 Bb2 80.Nh6 Bh8  1/2-1/2

[Event "5th Zupanja Open"]
[Site "Zupanja CRO"]
[Date "2011.08.21"]
[Round "9.11"]
[White "Vajic,G"]
[Black "Bosnjak,D"]
[Result "1/2-1/2"]
[WhiteElo "2160"]
[BlackElo "2309"]

1.e4 d6 2.d4 Nf6 3.Nc3 e5 4.dxe5 dxe5 5.Qxd8+ Kxd8 6.Bg5 Be6 7.O-O-O+ Nd7
8.Nd5 Kc8 9.f3 c6 10.Nxf6 gxf6 11.Be3 Bc5 12.Bxc5 Nxc5 13.Ne2 Kc7 14.Ng3 h5
15.Be2 Rag8 16.Rhg1 h4 17.Nf1 f5 18.exf5 Bxf5 19.Ne3 Be6 20.Bc4 Bxc4 21.Nxc4 f6
22.Rd2 h3 23.g3 Rd8 24.Rgd1 Rxd2 25.Rxd2 Ne6 26.c3 Ng5 27.Rf2 b5 28.Ne3 Kd6
29.Kc2 Ke6 30.c4 f5 31.Kb3 Rd8 32.Kc2 f4 33.Nf1 bxc4 34.gxf4 exf4 35.Nd2 Rd3
36.b3 Re3 37.bxc4 Ke5 38.Kb2 a5 39.a4 Kf5 40.Kc2 Ra3 41.Kb2 Rxa4 42.Re2 Rb4+
43.Kc3 Rb8 44.Re7 Ra8 45.Kd4 Ne6+ 46.Kc3 a4 47.Kb2 a3+ 48.Ka2 Ng5 49.Rd7 Re8
50.Kxa3 Re3+ 51.Kb4 Nxf3 52.Nb3 Nxh2 53.Nd4+ Kg5 54.Rd8 f3 55.Rg8+ Kf4 56.Rh8 Ng4
57.Rf8+ Ke4 58.Nf5 f2 59.Kc5 f1=Q 60.Nd6+ Kd3 61.Rxf1 h2 62.Kxc6 Nf2 63.c5 h1=Q+
64.Rxh1 Nxh1 65.Kd7 Re1 66.c6 Rc1 67.c7 Rxc7+ 68.Kxc7  1/2-1/2

[Event "5th Zupanja Open"]
[Site "Zupanja CRO"]
[Date "2011.08.21"]
[Round "9.7"]
[White "Plenca,J"]
[Black "Ostovic,M"]
[Result "1/2-1/2"]
[WhiteElo "2339"]
[BlackElo "2266"]

1.e4 d6 2.d4 Nf6 3.Nc3 e5 4.Nge2 Nbd7 5.g3 Be7 6.Bg2 O-O 7.O-O c6 8.a4 b6
9.h3 Bb7 10.g4 Qc7 11.Ng3 exd4 12.Qxd4 d5 13.exd5 Bc5 14.Bf4 Bxd4 15.Bxc7 cxd5
16.Nf5 Bxc3 17.bxc3 g6 18.Ne7+ Kg7 19.c4 Rfe8 20.Rfe1 Ne4 21.cxd5 Rxe7 22.Rxe4 Rxe4
23.Bxe4 Nf6 24.Bg2 Nxd5 25.Be5+ f6 26.Bb2 Rc8 27.Be4 Rc7 28.a5 b5 29.a6 Bc6
30.g5 Kf7 31.gxf6 Nxf6 32.Be5 Rc8 33.Bd3 Be4 34.Bxb5 Rc5 35.Bxf6 Kxf6 36.Bd3 Bxd3
37.cxd3 Rc3  1/2-1/2

[Event "31st Presolana Open"]
[Site "Presolana ITA"]
[Date "2011.08.22"]
[Round "3"]
[White "Vishnu,P"]
[Black "Horvath,Jo1"]
[Result "1/2-1/2"]
[WhiteElo "2340"]
[BlackElo "2535"]

1.e4 d6 2.d4 Nf6 3.Nc3 e5 4.Nf3 Nbd7 5.Bc4 Be7 6.O-O O-O 7.a4 c6 8.Qe2 exd4
9.Nxd4 Re8 10.Ba2 Bf8 11.f3 d5 12.Qf2 Nb6 13.a5 Nc4 14.exd5 cxd5 15.Bg5 Bc5
16.Kh1 h6 17.Bxf6 Qxf6 18.Nxd5 Qxd4 19.Qxd4 Bxd4 20.Bxc4 Bxb2 21.Rab1 Be5
22.Rfe1 Kf8 23.Rb3 Bf5 24.Rxb7 Bxc2 25.Nf4 Bc7 26.Rxe8+ Rxe8 27.g3 Rc8 28.Be6 fxe6
29.Nxe6+ Ke7 30.Nxc7 Kd6 31.Nb5+ Kd5 32.Nxa7 Rc3 33.Kg2 Ra3 34.Rd7+ Ke6 35.Rxg7 Bd1
36.Nb5 Ra2+ 37.Kh3 Bxf3 38.Rg6+ Kf5 39.Rg8 Bg2+ 40.Kh4 Bd5 41.Rf8+ Kg6 42.h3 Rxa5
43.Nd6 Be6 44.g4  1/2-1/2

[Event "Malaysian Open"]
[Site "Kuala Lumpur MAS"]
[Date "2011.08.23"]
[Round "8.38"]
[White "Qiu,Mengjie"]
[Black "Lim,Z"]
[Result "1/2-1/2"]
[WhiteElo "1941"]
[BlackElo "2155"]

1.e4 d6 2.d4 Nf6 3.Nc3 c6 4.f3 Nbd7 5.Be3 b5 6.g4 Nb6 7.h4 e5 8.dxe5 dxe5
9.Qxd8+ Kxd8 10.Nh3 Bb4 11.O-O-O+ Nfd7 12.Nb1 Kc7 13.Ng5 h6 14.Nh3 Bc5 15.Bxc5 Nxc5
16.Rh2 Be6 17.b3 Rhd8 18.Rhd2 Rxd2 19.Rxd2 a5 20.Nf2 Nbd7 21.Nd3 Nxd3+ 22.Rxd3 a4
23.Kb2 axb3 24.cxb3 Nc5 25.Rd2 Bc8 26.Na3 Ne6 27.Nc2 Nf4 28.Rd1 Ng6 29.h5 Nf4
30.a4 bxa4 31.Ra1 Rb8 32.Rxa4 c5 33.Bc4 Be6 34.Ne3 Bxc4 35.Rxc4 Ne6 36.Nf5 Kc6
37.Kc3 Ra8 38.Ra4 Rb8 39.Ra6+ Rb6 40.Rxb6+ Kxb6  1/2-1/2

[Event "XVI Seahorse Open A"]
[Site "Rewal POL"]
[Date "2011.08.23"]
[Round "4"]
[White "Lapaj,M"]
[Black "Wiewiora,E"]
[Result "0-1"]
[WhiteElo "2021"]
[BlackElo "2083"]

1.e4 d6 2.d4 Nf6 3.Nc3 e5 4.Nge2 Nbd7 5.f3 Be7 6.Be3 c6 7.Qd2 O-O 8.g4 b5
9.g5 Nh5 10.f4 b4 11.Na4 Qa5 12.b3 exf4 13.Nxf4 Qxg5 14.O-O-O Nxf4 15.Bxf4 Qh4
16.Bd3 Nf6 17.Bg3 Qg4 18.Qxb4 c5 19.Qc4 cxd4 20.Rhe1 Nh5 21.Rg1 Nxg3 22.Rxg3 Bg5+
23.Kb2 Qxd1 24.Rxg5 Qd2 25.h4 h6 26.Rg1 Qe3 27.Rg2 Be6 28.Qb4 Rfd8 29.Re2 Qg1
30.Qd2 Qg3 31.h5 Qe5 32.Rg2 Kh8 33.Qe2 Rac8  0-1

[Event "Ricany Open A"]
[Site "Ricany CZE"]
[Date "2011.08.23"]
[Round "5.36"]
[White "Pycha,Patrik"]
[Black "Martinec,K"]
[Result "1/2-1/2"]
[WhiteElo "1770"]
[BlackElo "1971"]

1.e4 d6 2.d4 Nf6 3.Nc3 e5 4.dxe5 dxe5 5.Qxd8+ Kxd8 6.Bc4 Bb4 7.f3 Ke7 8.Bd2 Be6
9.Bxe6 Kxe6 10.O-O-O c6 11.Nge2 Na6 12.Be3 Bc5 13.Bxc5 Nxc5 14.Rd2 Rhd8 15.Rhd1 Ke7
16.Rxd8 Rxd8 17.Rxd8 Kxd8 18.Ng3  1/2-1/2

[Event "Trade Fair Open A"]
[Site "Brno CZE"]
[Date "2011.08.25"]
[Round "6"]
[White "Kopecek,Ivan"]
[Black "Markovic,Iv CZE"]
[Result "0-1"]
[WhiteElo "1983"]
[BlackElo "2158"]

1.e4 d6 2.d4 Nf6 3.Nc3 e5 4.Nf3 Nbd7 5.Be3 Be7 6.h3 O-O 7.Qd2 c6 8.Be2 b5
9.a3 a6 10.O-O Qc7 11.Nh2 Bb7 12.f3 Nh5 13.Rfd1 Rad8 14.g4 Nhf6 15.Qe1 d5
16.dxe5 Nxe5 17.f4 Ng6 18.e5 Ne4 19.Nxe4 dxe4 20.f5 Nxe5 21.Qf2 c5 22.Bf4 Bd6
23.f6 Nf3+ 24.Nxf3 Bxf4 25.fxg7 Rfe8 26.Nh4 e3 27.Qf1 Bg3 28.Nf3 Bf2+ 29.Kg2 Qg3+  0-1

[Event "Trade Fair Open A"]
[Site "Brno CZE"]
[Date "2011.08.25"]
[Round "6"]
[White "Velicka,P"]
[Black "Kireev,Al"]
[Result "1-0"]
[WhiteElo "2461"]
[BlackElo "2360"]

1.e4 d6 2.d4 Nf6 3.Nc3 e5 4.Nf3 Nbd7 5.Bc4 Be7 6.O-O O-O 7.Re1 c6 8.a4 a5
9.b3 Qc7 10.Bf1 Re8 11.h3 h6 12.g3 Bf8 13.Bg2 b6 14.Be3 Bb7 15.Nd2 Rad8 16.f4 Ba6
17.g4 Nh7 18.Ne2 Bxe2 19.Rxe2 Be7 20.c3 Nhf8 21.Nf3 Ng6 22.f5 Nh4 23.Qd3 Nxg2
24.Kxg2 Nf6 25.dxe5 dxe5 26.Qc4 Rd7 27.Raa2 Red8 28.Rad2 Rxd2 29.Rxd2 Rxd2+
30.Bxd2 Nd7 31.Kf1 Kf8 32.Ke2 Ke8 33.Be1 Qd6 34.Bf2 Bd8 35.Be3 Be7 36.h4 Bd8
37.g5 hxg5 38.hxg5 Kf8 39.Ne1 Ke8 40.Nd3 Bc7 41.b4 Bd8 42.bxa5 bxa5 43.g6 fxg6
44.Qg8+ Qf8 45.Qe6+ Qe7 46.Qxg6+ Qf7 47.Qxc6 Qh5+ 48.Kd2 Bg5 49.Nxe5 Qh2+
50.Kd3 Qxe5 51.Bxg5 Qg3+ 52.Be3 Kd8 53.Kd4 Qg4 54.Kd5 Qd1+ 55.Bd4 Qb3+ 56.Kd6 Qb8+
57.Ke6 Qb3+ 58.c4 Nf8+ 59.Kf7 Nd7 60.Bxg7 Ne5+ 61.Bxe5 Qb7+ 62.Qc7+  1-0

[Event "XXVIII Collado Villalba Open"]
[Site "Collado Villalba ESP"]
[Date "2011.08.25"]
[Round "3"]
[White "Martin Carmona,Gaston"]
[Black "Ruiz Sanchez,R"]
[Result "0-1"]
[WhiteElo "1805"]
[BlackElo "1997"]

1.e4 d6 2.d4 Nf6 3.Nc3 c6 4.Nf3 Bg4 5.Be2 e6 6.Be3 Be7 7.Qd2 d5 8.exd5 Nxd5
9.Nxd5 exd5 10.Ne5 Bxe2 11.Qxe2 O-O 12.Qg4 Qc7 13.h4 c5 14.c3 Bd6 15.Nd3 c4
16.Nf4 Bxf4 17.Bxf4 Qd7 18.Qf3 Re8+ 19.Be3 Qe6 20.Kd2 Nd7 21.Bg5 h6 22.Rhe1 Qg6
23.Re7 hxg5 24.Rxd7 g4 25.Qd1 Qf5 26.Qf1 Qxd7 27.f3 Qe6 28.Qf2 g3 29.Qe1 Qh6+
30.Kc2 Rxe1 31.Rxe1 Kf8  0-1

[Event "XXVIII Collado Villalba Open"]
[Site "Collado Villalba ESP"]
[Date "2011.08.25"]
[Round "3"]
[White "Prieto Martin,A"]
[Black "Martin Consuegra Barrilero,J"]
[Result "1-0"]
[WhiteElo "2167"]
[BlackElo "1892"]

1.e4 d6 2.d4 Nf6 3.Nc3 e5 4.Nf3 Nbd7 5.Bc4 Be7 6.O-O O-O 7.Re1 c6 8.a4 a5
9.h3 exd4 10.Nxd4 Nb6 11.Bf1 Ne8 12.Be3 g6 13.Qd2 Ng7 14.Rad1 Be6 15.b3 d5
16.Nxe6 fxe6 17.Bd4 Nd7 18.exd5 Bg5 19.Be3 Bxe3 20.Rxe3 exd5 21.Nxd5 Kh8
22.Nc7 Qxc7 23.Qxd7 Qb6 24.Qd2 Rad8 25.Bd3 Qc5 26.Qe2 Rde8 27.Re1 Rxe3 28.Qxe3 Qxe3
29.Rxe3 Re8 30.Rf3 Ne6 31.Rf7 Nc5 32.Kh2 Nxd3 33.cxd3 b5 34.Rc7 Rd8 35.Rxc6 Rxd3
36.Rc5 Rxb3 37.Rxb5 Ra3 38.Rxa5 Kg7 39.Ra7+ Kf6 40.f3 h5 41.h4 g5 42.Ra6+ Kf5
43.Ra5+ Kf4 44.hxg5  1-0

[Event "26th Schwarzacher Open"]
[Site "Schwarzach AUT"]
[Date "2011.08.25"]
[Round "6"]
[White "Zelcic,R"]
[Black "Kunin,V"]
[Result "0-1"]
[WhiteElo "2555"]
[BlackElo "2562"]

1.e4 d6 2.d4 Nf6 3.Nc3 e5 4.Nf3 Nbd7 5.Bc4 Be7 6.O-O O-O 7.Re1 c6 8.a4 a5
9.h3 Nb6 10.Ba2 Nfd7 11.Be3 exd4 12.Bxd4 Nc5 13.Bxc5 dxc5 14.Qe2 Qd6 15.Rad1 Qh6
16.Ne5 Be6 17.Ng4 Qg6 18.Bxe6 Qxe6 19.f4 f6 20.f5 Qf7 21.e5 fxe5 22.Qxe5 Bh4
23.Rf1 h5 24.Ne3 Rae8 25.Qxc5 Bg5 26.Rfe1 Qe7 27.Qxe7 Rxe7 28.Nf1 Rxf5 29.Ng3 Rfe5
30.Rxe5 Rxe5 31.Nge4 Be3+ 32.Kf1 Nxa4 33.Rd8+ Kh7 34.Nf6+ gxf6 35.Nxa4 b5
36.Nc3 a4 37.Nd1 Bc1 38.Ra8 Rc5 39.b3 a3 40.c3 Rd5 41.Ke1 Rd2 42.Nf2 Rc2
43.Ne4 Bb2 44.g4 hxg4 45.hxg4 Kg6 46.Ra6 Rg2 47.g5 fxg5 48.Rxc6+ Kf5 49.Nd6+ Kf4
50.Ra6 b4 51.cxb4 a2 52.Kf1 Kf3  0-1

[Event "Bent Larsen ITT"]
[Site "Buenos Aires ARG"]
[Date "2011.08.26"]
[Round "4"]
[White "Vargas Maliqueo,I"]
[Black "Perelman,H"]
[Result "0-1"]
[WhiteElo "2198"]
[BlackElo "2335"]

1.e4 d6 2.d4 Nf6 3.Nc3 e5 4.Nge2 Nbd7 5.f3 h5 6.d5 c6 7.dxc6 bxc6 8.g3 Bb7
9.Qd3 d5 10.Bg2 Nc5 11.Qd2 d4  0-1

[Event "4th Jessie Gilbert Open"]
[Site "Coulsdon ENG"]
[Date "2011.08.26"]
[Round "7"]
[White "O'Toole,G"]
[Black "Willmoth,R"]
[Result "1-0"]
[WhiteElo "2185"]
[BlackElo "2163"]

1.e4 d6 2.d4 Nf6 3.Nc3 c6 4.f4 Qa5 5.Bd3 e5 6.Nf3 Bg4 7.Be3 Nbd7 8.O-O Be7
9.h3 Bxf3 10.Qxf3 h5 11.Ne2 h4 12.b4 Qc7 13.c4 g6 14.a3 Rh7 15.c5 exd4 16.cxd6 Bxd6
17.Bxd4 Be7 18.e5 Nd5 19.Rac1 N7b6 20.f5 O-O-O 21.fxg6 fxg6 22.Qg4+ Kb8 23.Qxg6 Rhh8
24.Rf7 Rdg8 25.Qe4 Qc8 26.e6 Rh6 27.Bxb6 axb6 28.Qxd5 Rxe6 29.Qf3 Qd8 30.Bc4 Re3
31.Qf4+ Ka7 32.Rxe7 Rxg2+ 33.Kxg2 Qxe7 34.Rf1 Re4 35.Qf6 Qc7 36.Rf4 Re3 37.Qxh4 b5
38.Qf2 Qb6 39.Rf3 Rxf3 40.Qxb6+  1-0

[Event "XXVIII Collado Villalba Open"]
[Site "Collado Villalba ESP"]
[Date "2011.08.27"]
[Round "5"]
[White "Alvarez Carbajales,F"]
[Black "Ruiz Sanchez,R"]
[Result "1-0"]
[WhiteElo "1931"]
[BlackElo "1997"]

1.e4 d6 2.d4 Nf6 3.Nc3 c6 4.f4 Qa5 5.Bd3 e5 6.Nf3 Bg4 7.Be3 exd4 8.Bxd4 Qb4
9.Be2 Nxe4 10.O-O d5 11.a3 Qd6 12.Nh4 Bd7 13.Qe1 Qh6 14.Nxe4 dxe4 15.Qg3 Rg8
16.Bc4 Be7 17.f5 b5 18.f6 Bd8 19.Bxf7+ Kxf7 20.fxg7+ Ke8 21.Rae1 Qxh4 22.Rf8+ Rxf8
23.gxf8=Q+ Kxf8 24.Rf1+ Ke7 25.Qg7+  1-0

[Event "47th Rubinstein Mem GpA"]
[Site "Polanica Zdroj POL"]
[Date "2011.08.27"]
[Round "8"]
[White "Stoma,P"]
[Black "Simacek,P"]
[Result "0-1"]
[WhiteElo "2322"]
[BlackElo "2470"]

1.e4 d6 2.d4 Nf6 3.Nc3 e5 4.Nf3 Nbd7 5.Bc4 Be7 6.O-O O-O 7.Re1 c6 8.a4 b6
9.d5 cxd5 10.Nxd5 Bb7 11.b3 Rc8 12.Ra2 Nxd5 13.Bxd5 Bxd5 14.Qxd5 Nf6 15.Qb7 d5
16.Qxa7 Nxe4 17.Be3 Bb4 18.Bxb6 Qf6 19.a5 Bxe1 20.Nxe1 Nc3 21.Rb2 e4 22.Qa6 Rc6
23.Qb7 Re6 24.Kf1 Re7 25.Qa6 Qh6 26.h3 Qc1 27.Bd4 Re6 28.Qb7 Qxb2 29.a6 Qa1
30.a7 Ree8 31.Qc6 Rc8 32.a8=Q Qxa8 33.Qxa8 Rxa8 34.Bxc3 Rfc8 35.Bd4 Ra2 36.c3 Rb2
37.b4 Ra8  0-1

[Event "23rd Porto San Giorgio Open"]
[Site "Porto San Giorgio ITA"]
[Date "2011.08.27"]
[Round "8"]
[White "Rago,R"]
[Black "Scalcione,M"]
[Result "0-1"]
[WhiteElo "2065"]
[BlackElo "2337"]

1.e4 d6 2.d4 Nf6 3.Nc3 c6 4.Nf3 Bg4 5.Be2 e6 6.O-O d5 7.exd5 Bxf3 8.Bxf3 cxd5
9.Bf4 Bd6 10.Ne2 Nc6 11.c3 Qc7 12.g3 O-O 13.Bxd6 Qxd6 14.Nf4 Rab8 15.Qe2 b5
16.Rfd1 Rfc8 17.a3 a5 18.Rac1 Nd7 19.b4 Nb6 20.Nd3 Nc4 21.Ra1 Ra8 22.Ra2 Ra7
23.Bg2 Rca8 24.Rda1 g6 25.h4 h5 26.f4 Ne7 27.Kh2 Nf5 28.Bh3 Nfe3 29.Nc5 Qe7
30.Bg2 Kg7 31.Kg1 Qf6 32.Bh3 Nf5 33.Kh2 Nfe3 34.Kg1 Kh7 35.Kh2 Kg7 36.Kg1 Qe7
37.Kh2 Qc7 38.Kg1 Qe7 39.Kh2 Qe8 40.Kg1 Qb8 41.Kh2 axb4 42.axb4 Rxa2 43.Rxa2 Ra7
44.Nb3 Qa8 45.Rxa7 Qxa7 46.Na5 Nxa5 47.Qxe3 Nc4 48.Qc1 Qa2+ 49.Kg1 Qe2 50.Bf1 Qf3
51.Qe1 Ne3 52.Qf2 Qxf2+ 53.Kxf2 Nd1+ 54.Kf3 Nxc3 55.Bd3 f5 56.Ke3 Kf6 57.Kf3 Ke7
58.Ke3 Kd8 59.Kd2 Ne4+ 60.Ke3 Nd6 61.Bc2 Kc7 62.Ke2 Ne4 63.Kf3 Kb6 64.Kg2 Nc3  0-1

[Event "TCh-SUI 2011"]
[Site "Switzerland SUI"]
[Date "2011.08.27"]
[Round "6.8"]
[White "Heimann,An"]
[Black "Schmidt Schaeffer,S"]
[Result "1-0"]
[WhiteElo "2476"]
[BlackElo "2410"]

1.e4 d6 2.d4 Nf6 3.Nc3 Nbd7 4.Nf3 e5 5.g4 Nxg4 6.Rg1 Ngf6 7.Be3 c6 8.Qd3 b5
9.O-O-O Qc7 10.Kb1 Bb7 11.dxe5 dxe5 12.Bh3 Rd8 13.Ne2 a6 14.Ng5 c5 15.Nc3 h6
16.Nf3 g6 17.Qe2 Bg7 18.Nh4 Nxe4 19.Nxe4 Bxe4 20.Bc1 Bc6 21.f4 e4 22.Nf5 Bf8
23.Ng3 Nf6 24.Rdf1 Qe7 25.f5 g5 26.Nh5 Nxh5 27.Qxh5 Qf6 28.Bg2 Rd7 29.h4 gxh4
30.Qe2 Re7 31.Bd2 Rg8 32.Bc3 Qd6 33.Rd1 Qf4 34.f6 Rd7 35.Rde1 Kd8 36.Ba5+ Kc8
37.Bh3 Rg3 38.Bxd7+ Kxd7 39.Rgf1 Rf3 40.Rd1+ Bd6 41.Bc3 Kc7 42.Rg1 Kb6 43.a3 h3
44.Rg7 Rxc3 45.bxc3 Qxf6 46.Rgg1 h2 47.Rgf1 Qe6 48.Rh1 e3 49.Rxh2 Bxh2 50.Qxh2 e2
51.Re1 Bf3 52.Qb8+ Ka5 53.Qc7+ Qb6 54.Qxf7 Bg4 55.Qf4 h5 56.Qb4+  1-0

[Event "TCh-SUI 2011"]
[Site "Switzerland SUI"]
[Date "2011.08.27"]
[Round "6.7"]
[White "Stoeri,S"]
[Black "Gloor,R"]
[Result "1/2-1/2"]
[WhiteElo "2117"]
[BlackElo "2219"]

1.e4 d6 2.d4 Nf6 3.Nc3 e5 4.Nf3 Nbd7 5.Bc4 Be7 6.O-O O-O 7.h3 a6 8.a4 b6
9.Re1 Bb7 10.Qd3 c6 11.Ba2 b5 12.dxe5 dxe5 13.Bg5 Qc7 14.Nh4 b4 15.Nf5 Nc5
16.Qe3 bxc3 17.Bxf6 Bxf6 18.Qxc5 cxb2 19.Rab1 g6 20.Nh6+ Kg7 21.Ng4 Rfd8
22.Rxb2 Rd4 23.Re3 Bg5 24.Rf3 f6 25.g3 Bc8 26.Bd5 Ra7 27.Rc3 h5 28.Nh2 Rd1+
29.Kg2 Qd7 30.g4 cxd5 31.Qxc8 Qxc8 32.Rxc8 dxe4 33.Rbb8 Rd2 34.Nf1 Rdd7 35.Ng3 hxg4
36.hxg4 e3 37.fxe3 Bxe3 38.Rg8+ Kf7 39.Ne4 f5 40.Rbf8+ Ke7 41.Re8+ Kf7 42.Ref8+ Ke7
43.Re8+  1/2-1/2

[Event "TCh-SRB Premier Women"]
[Site "Valjevo SRB"]
[Date "2011.08.27"]
[Round "1.5"]
[White "Panic,A"]
[Black "Stojanovic,Andj"]
[Result "0-1"]
[WhiteElo "1888"]
[BlackElo "2293"]

1.e4 d6 2.d4 Nf6 3.Nc3 e5 4.dxe5 dxe5 5.Qxd8+ Kxd8 6.Bg5 Nd7 7.O-O-O c6 8.Bc4 Ke8
9.h3 b5 10.Bd3 Bc5 11.Rd2 Nh5 12.g4 f6 13.Bh4 Nf4 14.Nf3 g5 15.Bg3 h5 16.Rdd1 Nb6
17.gxh5 Nxh3 18.Rh2 g4 19.Nd2 Kf7 20.Nb3 Bb4 21.Ne2 a5 22.c3 Be7 23.Ng1 a4
24.Nd2 Rxh5 25.Bf1 Be6 26.Nxh3 gxh3 27.Be2 Rhh8 28.Rdh1 Rh7 29.Bf1 Rah8 30.a3 Nd7
31.c4 b4 32.axb4 Bxb4 33.f3 Nc5 34.Kc2 Rd8 35.Nb1 Rg7 36.Bf2 Nb3 37.Bb6 Na1+
38.Kc1 Nb3+ 39.Kc2 Nd4+ 40.Kc1 Rd7 41.Bxd4 Rxd4 42.Na3 Bxa3 43.bxa3 Rg3 44.Rf2 Kg6
45.Kb2 Kg5 46.Kc3 c5 47.Be2 Rxe4 48.Bd3 Re3 49.Rhf1 Kf4  0-1

[Event "23rd Schlosspark-Open"]
[Site "Wiesbaden GER"]
[Date "2011.08.27"]
[Round "4.33"]
[White "Rott,G"]
[Black "Rump,Andreas"]
[Result "1-0"]
[WhiteElo "2223"]
[BlackElo "1950"]

1.e4 d6 2.d4 Nf6 3.Nc3 e5 4.Nf3 Nbd7 5.Bc4 Be7 6.O-O O-O 7.a4 c6 8.dxe5 dxe5
9.Bg5 h6 10.Bxf6 Bxf6 11.Qd6 Be7 12.Qg6 Qc7 13.Qg3 Bf6 14.Nd4 Nc5 15.b4 Na6
16.Nf5 Bxf5 17.exf5 Nxb4 18.Ne4 Qe7 19.Qb3 Rab8 20.c3 Nd5 21.Bxd5 cxd5 22.Qxd5 Rfd8
23.Qb5 a6 24.Qb6 Rdc8 25.Rab1 Rc4 26.f3 Rc6 27.Qxc6 bxc6 28.Rxb8+ Kh7 29.Rfb1 Qa7+
30.Kf1 Qd7 31.R8b6 Qd3+ 32.Kf2 Bd8 33.Rb7 Bh4+ 34.g3 Qc2+ 35.Kg1 Bg5 36.Re1 Qd3
37.Kg2 Bd2 38.Rf1 Bxc3 39.Rxf7 Kg8 40.Rc7 Bd4 41.Rxc6 Qe2+ 42.Nf2 e4 43.fxe4 Bxf2
44.Rc8+ Kf7 45.Rc7+ Kf6 46.Rxf2 Qxe4+ 47.Kh3 Qxa4 48.Rf4 Qb5 49.Rcc4 a5 50.Rcd4 Qc6
51.Rde4 Kf7 52.Re5 a4 53.Ra5 Qd7 54.Raxa4 g5 55.Rad4 Qc8 56.Rf2 Qc5 57.Rdd2 Qc6
58.Kg4 Kf6 59.Rde2 Qc4+ 60.Kh5 Qg8 61.Re6+ Kf7 62.Rxh6 g4 63.f6 Qe8 64.Kh4 Qe3
65.Rf4 Qe2 66.Rh7+ Kg6 67.Rg7+ Kh6 68.h3 gxh3 69.Kxh3 Qe6+ 70.Rfg4 Qf5 71.Rg6+ Qxg6
72.Rxg6+ Kxg6 73.Kg4 Kxf6 74.Kh5 Kg7 75.Kg5  1-0

[Event "23rd Schlosspark-Open"]
[Site "Wiesbaden GER"]
[Date "2011.08.27"]
[Round "4.12"]
[White "Vogel,Christi"]
[Black "Seidel,J"]
[Result "1/2-1/2"]
[WhiteElo "2184"]
[BlackElo "2033"]

1.e4 d6 2.d4 Nf6 3.Nc3 Nbd7 4.g3 e5 5.Nge2 Be7 6.Bg2 c6 7.a4 Qc7 8.h3 b6
9.O-O a6 10.Be3 Bb7 11.Qd2 b5 12.axb5 cxb5 13.d5 Nb6 14.b3 Rc8 15.Rfc1 Nfd7
16.Nd1 O-O 17.g4 Nc5 18.f3 Qd8 19.Nb2 h6 20.Ng3 Bg5 21.Nf5 Ra8 22.h4 Bxe3+
23.Qxe3 Bc8 24.h5 Bxf5 25.gxf5 Qh4 26.b4 Ncd7 27.c4 bxc4 28.Ra2 Rfc8 29.Bf1 c3
30.Rxc3 Rxc3 31.Qxc3 Qg5+ 32.Kf2 Rc8 33.Qd3 Rc1 34.Nd1 Qh4+ 35.Ke2 Qh2+ 36.Nf2 Qg1
37.Nd1 Nc4 38.Rc2 Rxd1 39.Kxd1 Ne3+ 40.Ke1 Nxc2+ 41.Qxc2 Qe3+  1/2-1/2

[Event "FIDE World Cup 2011"]
[Site "Khanty-Mansiysk RUS"]
[Date "2011.08.28"]
[Round "1.1"]
[White "Navara,D"]
[Black "Kabanov,N"]
[Result "1-0"]
[WhiteElo "2722"]
[BlackElo "2520"]

1.e4 d6 2.d4 Nf6 3.Nc3 e5 4.Nf3 Nbd7 5.Bc4 Be7 6.O-O O-O 7.a4 c6 8.Re1 b6
9.b3 Bb7 10.Bb2 a6 11.Bd3 g6 12.Ne2 exd4 13.Bxd4 c5 14.Bxf6 Bxf6 15.Rb1 Re8
16.Nf4 Bc3 17.Re3 Bg7 18.Bc4 Bh6 19.Qxd6 Nf6 20.Rd3 Bxe4 21.Qxd8 Raxd8 22.Rxd8 Rxd8
23.Nd3 a5 24.Nfe5 Bd5 25.Re1 Bd2 26.Re2 Bc3 27.g3 Kg7 28.Bxd5 Nxd5 29.Nc4 Rb8
30.Kg2 Kf8 31.Kf3 Bd4 32.Nf4 Nc3 33.Rd2 b5 34.axb5 Rxb5 35.Ne2 Nxe2 36.Kxe2 a4
37.bxa4 Rb4 38.c3 Rxc4 39.cxd4 Rxa4 40.dxc5 Rc4 41.Rd5 Ke7 42.Kd3 Rc1 43.Kd2 Rc4
44.Re5+ Kd7 45.h4 h5 46.Kd3 Rc1 47.Kd4 Rd1+ 48.Ke4 Rc1 49.Rd5+ Ke7 50.Kd4 Rc2
51.f4 f6 52.f5 g5 53.hxg5 fxg5 54.Rd6 Rd2+ 55.Ke5 Re2+ 56.Kd5 Rd2+ 57.Kc6 Rg2
58.Re6+ Kf7 59.Kd7 Rxg3 60.c6 Rd3+ 61.Rd6 Rc3 62.c7  1-0